PIZZA ÉS EGYÉB OLASZ TÉSZTAÉTELEK FOGYASZTÁSI SZOKÁSAI MAGYARORSZÁGON
| Szerző: | |
|---|---|
| További közreműködők: | |
| Dokumentumtípus: | Záródolgozat |
| Kulcsszavak: | Étkezési szokás, olasz Száraztészta, olasz Mártás, olasz Tészta, töltött, rakott Pizza Olasz konyha, Magyarországon |
| Online Access: | http://dolgozattar.uni-bge.hu/59374 |
MARC
| LEADER | 00000nta a2200000 i 4500 | ||
|---|---|---|---|
| 001 | dolg59374 | ||
| 005 | 20260114081649.0 | ||
| 008 | 260114suuuu hu o 000 hun d | ||
| 040 | |a BGE Dolgozattár Repozitórium |b hun | ||
| 041 | |a hu | ||
| 100 | 1 | |a Nyitrai Ádám | |
| 245 | 1 | 0 | |a PIZZA ÉS EGYÉB OLASZ TÉSZTAÉTELEK FOGYASZTÁSI SZOKÁSAI MAGYARORSZÁGON |c Nyitrai Ádám |h [elektronikus dokumentum] |
| 516 | |a Final_paper | ||
| 695 | |a Étkezési szokás, olasz | ||
| 695 | |a Száraztészta, olasz | ||
| 695 | |a Mártás, olasz | ||
| 695 | |a Tészta, töltött, rakott | ||
| 695 | |a Pizza | ||
| 695 | |a Olasz konyha, Magyarországon | ||
| 700 | 1 | |a Hidvégi Hedvig |e ths | |
| 856 | 4 | 0 | |u http://dolgozattar.uni-bge.hu/59374/1/Nyitrai-Adam.pdf |z Dokumentum-elérés |